000 01165nam a2200289 i 4500
001 22185
003 ES-MaACL
005 20251002203631.0
007 t|
008 030131s1896 sp ||||1| spa d
080 _a929 Calleja, Emilio
100 1 _aBarrios Carrión, Leopoldo.
_926023
245 1 3 _aEl general Calleja :
_bbiografía /
_cpor P. [Leopoldo Barrios Carrión].
250 _a1ª ed.
260 _aMadrid :
_b[s.n.],
_c1896 (
_fImp. del Correo Militar)
300 _a381 p., [1] h. de lám., [2] h. pleg. de mapas ;
_c19 cm.
500 _aLám.: retrato de Emilio Calleja.
530 _aDisponible en formato digital.
594 _aAnotación manuscrita en port. atribuyendo la obra a: Leopoldo Barrios Carrión.
600 0 4 _aCalleja, Emilio,
_d1830-1906
_933714
651 4 _aCuba-
_xHistoria-
_y1878-1895.
_98095
852 _aES-MaACL
_jT-813-F-1
_z- Enc. en un vol. facticio, conservando cub. original
_z- Donat. Sr. Moret, noviembre 1896
852 _aES-MaACL
_jD-2485
852 _aES-MaACL
_jG-13668
856 _uhttp://bdh-rd.bne.es/viewer.vm?id=0000111909&page=1
_zBiblioteca Digital Hispánica
999 _c22185
_d22185